Harry Potter Names Translations (Back) to English from European Languages - Statistics

General Stats
  • This quiz has been taken 180 times
  • The average score is 7 of 16
Answer Stats
Czech Dutch Finnish French Italian Latvian Norwegian English % Correct
Zmijozel Zwadderich Luihuinen Serpentard Serpeverde Slīdenis Smygard Slytherin
74%
~ Sneep Kalkaros Rogue Piton Strups Slur Snape
72%
~ Anderling McGarmiwa ~ McGranitt Maksūra McSnurp McGonnagall
63%
Mrzimor ~ Puuskupuh Poufsouffle Tassorosso Elšpūtis Håsblås Hufflepuff
60%
Bradavice Zweinstein Tylypahka Poudlard ~ Cūkkārpa Galtvort Hogwarts
58%
Brumbál Perkamentus ~ ~ Silente Dumidors Humlesnurr Dumbledore
57%
Krátura Knijster Oljo Kreattur ~ Mokšķis Krynkel Kreacher
48%
Nebelvír ~ Rohkelikko ~ ~ ~ Griffing Gryffindor
47%
Mudla Dreuzel Jästi Moldu Babbano Vientiesis Gomp Muggle
43%
Havraspár ~ Korpinkynsi Serdaigle Corvonero Kraukļnags ~ Ravenclaw
40%
Protiva Foppe* Riesu ~ Pix Pīvzs Gnav Peeves
26%
Doupě Het Nest Kotikolo Le Terrier La Tana Midzeņi Hiet The Burrow
25%
~ Wemel ~ ~ ~ Vīzlijs Wiltersen Weasley
25%
Prašivka Schurfie Kutka Croûtard Crosta Kašķis Skorpus Scabbers
24%
Bubák Boeman Mörkö Épouvantard Molliccio Bubulis Hambuse Boggart
23%
Popletal Droebel Toffee ~ Caramell ~ Bloeuf Fudge
22%
No matching quizzes found
Score Distribution
Percent of People with Each Score
Percentile by Number Answered
Your Score History
You have not taken this quiz